| 000 | 00538nam a2200181 a 4500 | ||
|---|---|---|---|
| 005 | 20250521063809.0 | ||
| 008 | 991125s1996 mx 000 0 spa u | ||
| 020 | _a9686932534 | ||
| 035 | _aUPN01000008523 | ||
| 049 | _aCG | ||
| 050 | 4 |
_aTX645 C6.3 _bv.6 |
|
| 100 | 1 | _aRabell Jara, René | |
| 245 | 1 | 3 |
_aLa cocina mexicana a través de los siglos : _bla bella época / _cRené Rabell Jara. |
| 260 |
_aMéxico : _bClío : _bFundación Herdez, _c1996. |
||
| 300 |
_a59 p. : _bfots., col. |
||
| 650 | 4 |
_aCocina mexicana _99233 |
|
| 905 | _aLibro | ||
| 999 |
_c8523 _d8523 |
||